000 00425cam a22001337a 4500
008 180718b1953 xxu||||| |||| 00| 0 eng d
082 _aDx73 L262u
100 _aLanger, William L.
245 _aUndeclared war, 1940-41
_cby William L. Langer and S.Everett Gleason
260 _aNew York
_bHarper for Council on Foreign Relations
_c1953
300 _a963p.
650 _aUSA - Foreign Relations
700 _aGleason, S. Everett
999 _c479934
_d479934